Score 0/51 Timer 03:00
3 Plays Today
Part 1 Part 2 % Correct
Part 1Jesus Christ Superstar
97.8%
Part 2Jesus Christ Superstar
97.8%
Part 3Jesus Christ Superstar
97.8%
Part 1West Side Story
97.7%
Part 2West Side Story
97.7%
Part 3West Side Story
97.7%
Part 1Bye Bye Birdie
96%
Part 2Bye Bye Birdie
96%
Part 3Bye Bye Birdie
96%
Part 1Guys and Dolls
95.9%
Part 2Guys and Dolls
95.9%
Part 3Guys and Dolls
95.9%
Part 1My Fair Lady
93.4%
Part 2My Fair Lady
93.4%
Part 3My Fair Lady
93.4%
Part 1The Lion King
92%
Part 2The Lion King
92%
Part 3The Lion King
92%
Part 1A Chorus Line
89.9%
Part 2A Chorus Line
89.9%
Part 3A Chorus Line
89.9%
Part 1Into the Woods
86.6%
Part 2Into the Woods
86.6%
Part 3Into the Woods
86.6%
Part 1The Music Man
77.4%
Part 2The Music Man
77.4%
Part 1 Part 2 % Correct
Part 3The Music Man
77.4%
Part 1City of Angels
75.4%
Part 2City of Angels
75.4%
Part 3City of Angels
75.4%
Part 1She Loves Me
70.7%
Part 2She Loves Me
70.7%
Part 3She Loves Me
70.7%
Part 1Anyone Can Whistle
70.1%
Part 2Anyone Can Whistle
70.1%
Part 3Anyone Can Whistle
70.1%
Part 1Crazy for You
69.5%
Part 2Crazy for You
69.5%
Part 3Crazy for You
69.5%
Part 1Aspects of Love
69.1%
Part 2Aspects of Love
69.1%
Part 3Aspects of Love
69.1%
Part 1On the Town
66.1%
Part 2On the Town
66.1%
Part 3On the Town
66.1%
Part 1Song and Dance
61.6%
Part 2Song and Dance
61.6%
Part 3Song and Dance
61.6%
Part 1Flower Drum Song
57.3%
Part 2Flower Drum Song
57.3%
Part 3Flower Drum Song
57.3%
Remove Ads.
Support Sporcle.
Get the best of Sporcle when you Go Orange. This ad-free experience offers more features, more stats, and more fun while also helping to support Sporcle. Thank you for becoming a member.

You're not logged in!

Compare scores with friends on all Sporcle quizzes.
OR
Log In

Show Comments

Extras

Top Quizzes Today


Score Distribution

Your Account Isn't Verified!

In order to create a playlist on Sporcle, you need to verify the email address you used during registration. Go to your Sporcle Settings to finish the process.

Report this User

Report this user for behavior that violates our Community Guidelines.

Details: